000 00713nam a2200253Ia 4500
001 11065
003 GE_BSU
008 181216s||||||||xx |||||||||||||| ||und||
020 _a9781133049838
040 _cGE_BSU
080 _a159.9
100 _aMitchell,Mark.L; Janina M.Jolley.
245 _aRESEARCH DESIGN Explained.
250 _a8th edition.
260 _aAustralia.
260 _bWadsworth Cengage Learning.
260 _c2013.
300 _a723p;ill;24cm.
520 _aშემოსულია ტემპუსის პროექტით.
541 _h345Gel.
653 _aRESEARCH DESIGN Explained.
653 _aტემპუსის პროექტით
942 _cBK
999 _c44307
_d44307